书目信息 |
| 题名: |
钱君匋擭印录
|
|
| 作者: | 马旭浩 主编 | |
| 分册: | ||
| 出版信息: | 重庆 重庆出版社 2012.6 |
|
| 页数: | 116页 | |
| 开本: | 24cm | |
| 丛书名: | ||
| 单 册: | ||
| 中图分类: | J292.42 | |
| 科图分类: | ||
| 主题词: | ||
| 电子资源: | ||
| ISBN: | 978-7-229-05150-1 | |
| 000 | 00608 nam 2200229 45 | |
| 001 | 0100003311 | |
| 005 | 20120521112950.0 | |
| 010 | @a978-7-229-05150-1@dCNY59.00 | |
| 100 | @a20130628d2012 em y0chiy0121 ea | |
| 101 | 0 | @achi |
| 102 | @aCN@b310000 | |
| 105 | @ay z 000yy | |
| 106 | @ar | |
| 200 | 10 | @a钱君匋擭印录@Aqian jun yin lu@e四十名家卷@f马旭浩主编@Fma xu hao zhu bian |
| 205 | @a1 | |
| 210 | @a重庆@c重庆出版社@d2012.6 | |
| 215 | @a116页@d24cm | |
| 690 | @aJ292.42@v4 | |
| 701 | 0 | @a马旭浩@Ama xu hao@4主编 |
| 801 | @aCN@c20130701 | |
| 901 | @a012 | |
| 905 | @dJ292.42@eM203@b1097789-91@f3 | |
| 钱君匋擭印录:四十名家卷/马旭浩主编.-1.-重庆:重庆出版社,2012.6 |
| 116页;24cm |
| ISBN 978-7-229-05150-1:CNY59.00 |
| ● |
| 相关链接 |
|
|
|
正题名:钱君匋擭印录
索取号:J292.42/M203
 
预约/预借
| 序号 | 登录号 | 条形码 | 馆藏地/架位号 | 状态 | 备注 |
| 1 | 1097789 | 210977898 | 社科库309/309社科库 81排2列4层/ [索取号:J292.42/M203] | 在馆 | |
| 2 | 1097790 | 210977905 | 社科库309/309社科库 81排2列4层/ [索取号:J292.42/M203] | 在馆 | |
| 3 | 1097791 | 210977914 | 社科库309/309社科库 81排2列4层/ [索取号:J292.42/M203] | 在馆 |